000 00683nac a22001811u 4500
008 100906t xxu||||| |||| 00| 0 eng d
010 _a0074622374
082 _a621.9
_bMEH
100 _aMehta, N. K.
_918205
245 _aMachine Tool Design and Numerical Control /
_cN. K. Mehta.
250 _a2nd ed.
260 _aNew Delhi :
_bTata McGraw-Hill,
_c1996.
300 _a504 p. :
_bill. ;
_c25 cm.
500 _aIncludes index.
650 _aMachine-tools.
_xDesign.
_918206
942 _cBB
_k621.9 MEH
_2ddc
999 _c952
_d952